San Sebastián (Record no. 26260)

MARC details
000 -LEADER
campo de control de longitud fija 00583nam a2200169 i 4500
001 - NÚMERO DE CONTROL
campo de control 26260
003 - IDENTIFICADOR DE NÚMERO DE CONTROL
campo de control ES-MaACL
005 - FECHA Y HORA DE LA ÚLTIMA TRANSACCIÓN
campo de control 20230906153419.0
007 - CAMPO FIJO DE DESCRIPCIÓN FÍSICA--INFORMACIÓN GENERAL
campo de control de longitud fija t|
008 - DATOS DE LONGITUD FIJA--INFORMACIÓN GENERAL
campo de control de longitud fija 030108s1967 sp ||||1| spa d
100 1# - ENTRADA PRINCIPAL--NOMBRE DE PERSONA
Nombre de persona Arozamena, Jesús María de.
9 (RLIN) 23173
245 10 - MENCIÓN DEL TÍTULO
Título San Sebastián
Resto del título : excursión escolar por el ayer y el anteayer de nuestro pueblo /
Mención de responsabilidad, etc. Jesús Mª de Arozamena, José Berruezo.
260 ## - PUBLICACIÓN, DISTRIBUCIÓN, ETC.
Lugar de publicación, distribución, etc. San Sebastián :
Nombre del editor, distribuidor, etc. Caja de Ahorros Municipal,
Fecha de publicación, distribución, etc. 1967.
300 ## - DESCRIPCIÓN FÍSICA
Extensión 167 p., 6 lám. ;
Dimensiones 26 cm.
700 1# - ENTRADA AGREGADA--NOMBRE PERSONAL
Nombre de persona Berruezo, José.
9 (RLIN) 28398
852 ## - LOCALIZACIÓN
Ubicación ES-MaACL
Número de control de estantería C-34327
Sublocalización o colección R.65257
Holdings
Estatus retirado Estado de pérdida Estado de daño No para préstamo Biblioteca de origen Biblioteca actual Ubicación en estantería Fecha de adquisición Fuente de adquisición Total de préstamos Signatura topográfica completa Código de barras Visto por última vez Precio de reemplazo Tipo de ítem Koha
        Biblioteca del Ateneo de Madrid Biblioteca del Ateneo de Madrid Depósito 2 17/01/2008     C-34327 1027100 23/02/2023 23/02/2023 Libro impreso